[Event "Bangabandhu-chT"]
[Site "Dhaka"]
[Date "2024.02.09"]
[Round "9.1"]
[White "Shawket Bin, Osman Shaon"]
[Black "Mohammad, Minhaz Uddin"]
[Result "1-0"]
[WhiteElo "2031"]
[BlackElo "2240"]
[PlyCount "95"]
[EventDate "2024.02.01"]
[EventType "team-tourn"]
[EventRounds "11"]
[EventCountry "BAN"]
[SourceTitle "CB07_2024"]
[SourceDate "2024.02.14"]
[SourceVersion "1"]
[SourceVersionDate "2024.02.14"]
[SourceQuality "1"]
[WhiteTeam "Manha's Castle"]
[BlackTeam "Bangladesh Navy"]
[WhiteTeamCountry "BAN"]
[BlackTeamCountry "BAN"]

1. d4 Nf6 2. c4 e6 3. Nc3 Bb4 4. e3 0-0 5. Bd3 d5 6. a3 Bxc3+ 7. bxc3 dxc4 8. Bxc4 c5 9. Ne2 Nc6 10. 0-0 Qc7 11. Qc2 Rd8 12. f4 Na5 13. Bd3 c4 14. Be4 Nb3 15. Ra2 Nxe4 16. Qxe4 f5 17. Qc2 b6 18. Ng3 Bb7 19. e4 fxe4 20. Be3 Qc6 21. f5 Rf8 22. Qd1 exf5 23. Nxf5 Rfe8 24. Qg4 Qg6 25. Qf4 Bd5 26. Raf2 h6 27. Qh4 Re6 28. Ne7+ Rxe7 29. Qxe7 Na5 30. Rf8+ Rxf8 31. Rxf8+ Kh7 32. Qd8 Qe6 33. Rh8+ Kg6 34. Re8 Qf7 35. Qd6+ Kh7 36. Re7 Qh5 37. Rd7 Bc6 38. Rc7 Ba4 39. Qe7 Qg6 40. d5 Nb3 41. d6 Nc5 42. Bxc5 bxc5 43. h3 e3 44. d7 Qb1+ 45. Kh2 Qf5 46. Qxg7+ Kxg7 47. d8Q+ Kg6 48. Qg8+ 1-0

[Event "BAN-ch 47th"]
[Site "Dhaka"]
[Date "2022.12.21"]
[Round "6"]
[White "Manon, Reja Neer"]
[Black "Shawket Bin, Osman Shaon"]
[Result "1-0"]
[WhiteElo "2215"]
[BlackElo "2088"]
[PlyCount "85"]
[EventDate "2022.12.15"]
[EventType "tourn"]
[EventRounds "13"]
[EventCountry "BAN"]
[EventCategory "1"]
[SourceTitle "CBM 212 Extra"]
[Source "ChessBase"]
[SourceDate "2023.03.31"]
[SourceVersion "1"]
[SourceVersionDate "2023.03.31"]
[SourceQuality "1"]

1. e4 e5 2. Nf3 Nc6 3. d4 exd4 4. Nxd4 Nf6 5. Nxc6 bxc6 6. e5 Qe7 7. Qe2 Nd5 8. Nd2 g6 9. c4 Ba6 10. Nf3 Bg7 11. Bg5 f6 12. exf6 Nxf6 13. 0-0-0 Qxe2 14. Bxe2 0-0-0 15. Rhe1 Rde8 16. Be3 Ne4 17. Nd2 Nxd2 18. Rxd2 d6 19. Bd4 Bxd4 20. Rxd4 Kb8 21. Kd2 c5 22. Rf4 Ref8 23. Rxf8+ Rxf8 24. f3 Re8 25. Bd3 Rxe1 26. Kxe1 Kc8 27. Kf2 Kd7 28. Ke3 Ke6 29. h4 Bb7 30. Kf4 Kf6 31. g4 c6 32. b3 Bc8 33. Be4 Bd7 34. g5+ Kf7 35. h5 Be8 36. Kg4 Ke6 37. f4 d5 38. f5+ gxf5+ 39. Bxf5+ Ke5 40. Bxh7 Bd7+ 41. Kh4 Bf5 42. Bg8 d4 43. h6 1-0

[Event "BAN-ch 47th"]
[Site "Dhaka"]
[Date "2022.12.15"]
[Round "1"]
[White "Shawket Bin, Osman Shaon"]
[Black "Mohammad, Minhaz Uddin"]
[Result "0-1"]
[WhiteElo "2088"]
[BlackElo "2251"]
[PlyCount "104"]
[EventDate "2022.12.15"]
[EventType "tourn"]
[EventRounds "13"]
[EventCountry "BAN"]
[EventCategory "1"]
[SourceTitle "CBM 212 Extra"]
[Source "ChessBase"]
[SourceDate "2023.03.31"]
[SourceVersion "1"]
[SourceVersionDate "2023.03.31"]
[SourceQuality "1"]

1. d4 Nf6 2. c4 e6 3. Nc3 Bb4 4. e3 0-0 5. Bd3 d6 6. Nge2 e5 7. 0-0 c5 8. d5 Qe7 9. Qc2 Re8 10. f3 Bxc3 11. Nxc3 Na6 12. a3 Nc7 13. b4 Na6 14. Rb1 h6 15. Kh1 Bd7 16. b5 Nb8 17. a4 Qd8 18. Bd2 Bc8 19. Ra1 Rf8 20. g4 Ne8 21. Be1 a5 22. Kg2 f5 23. gxf5 Qg5+ 24. Kh1 Bxf5 25. f4 Bxd3 26. Qxd3 exf4 27. exf4 Qf5 28. Qxf5 Rxf5 29. Ne4 Nd7 30. Bc3 Nb6 31. Nd2 Kf8 32. Kg2 Nf6 33. Kg3 Nh5+ 34. Kg4 g6 35. Rf3 Kg8 36. Rff1 Raf8 37. Bxa5 Rxf4+ 38. Rxf4 Rxf4+ 39. Kh3 Nxc4 40. Nxc4 Rxc4 41. Bc7 Nf4+ 42. Kg3 Nxd5 43. b6 Rc3+ 44. Kf2 Rc2+ 45. Kg3 Ne7 46. a5 Rb2 47. Kh3 Nf5 48. a6 bxa6 49. Rxa6 h5 50. Bd8 Kf7 51. Ra7+ Ke8 52. b7 Rb3+ 0-1

[Event "BAN-chB 47th"]
[Site "Dhaka"]
[Date "2022.10.29"]
[Round "3"]
[White "Md Abdur, Raufe Aziz"]
[Black "Shawket Bin, Osman Shaon"]
[Result "0-1"]
[WhiteElo "1888"]
[BlackElo "2071"]
[PlyCount "152"]
[EventDate "2022.10.27"]
[EventType "swiss"]
[EventRounds "11"]
[EventCountry "BAN"]
[SourceTitle "EXT 2024"]
[Source "ChessBase"]
[SourceDate "2023.10.10"]
[SourceVersion "1"]
[SourceVersionDate "2023.10.10"]
[SourceQuality "1"]

1. e4 c5 2. Nf3 e6 3. d4 cxd4 4. Nxd4 a6 5. Bd3 Nf6 6. 0-0 Qc7 7. Re1 d6 8. Nc3 Be7 9. Be3 Nbd7 10. f4 b6 11. Qe2 Bb7 12. Bf2 h5 13. h3 Nc5 14. Rac1 g6 15. b4 Ncd7 16. Nd1 e5 17. Nf3 exf4 18. e5 dxe5 19. Nxe5 Nxe5 20. Qxe5 Qxe5 21. Rxe5 Nd7 22. Re1 Kf8 23. c3 Rc8 24. Rc2 Bf6 25. c4 Kg7 26. Be2 Rhe8 27. Nc3 b5 28. c5 Ne5 29. a4 Nc6 30. axb5 Nxb4 31. Rcc1 Bxc3 32. Rxc3 axb5 33. Bxb5 Bc6 34. Rxe8 Rxe8 35. Bc4 Re4 36. Bd3 Nxd3 37. Rxd3 Rc4 38. Rd6 Be4 39. h4 Rc2 40. Bd4+ Kh7 41. Bf2 Rc4 42. Rd7 g5 43. hxg5 Kg6 44. Ra7 Bd5 45. Rd7 Be6 46. Rd6 Kxg5 47. c6 Bf5 48. Bb6 Rc2 49. c7 Be6 50. Rd8 f3 51. gxf3 Kf4 52. Rh8 Kg3 53. Kf1 h4 54. Bd4 h3 55. Be5+ Kxf3 56. Ke1 Re2+ 57. Kf1 Rxe5 58. c8Q Bxc8 59. Rxc8 Re4 60. Kg1 Kg3 61. Rg8+ Rg4 62. Rf8 Rg7 63. Kh1 Kg4 64. Kh2 f5 65. Rh8 Kf3 66. Rxh3+ Kf2 67. Rh5 f4 68. Kh3 f3 69. Ra5 Rd7 70. Ra2+ Ke3 71. Ra3+ Rd3 72. Ra2 Rd2 73. Ra8 Ke2 74. Rf8 f2 75. Kg2 Ke1 76. Re8+ Re2 0-1

[Event "Dhaka Metropolis op U2100"]
[Site "Dhaka"]
[Date "2022.10.25"]
[Round "9"]
[White "Shawket Bin, Osman Shaon"]
[Black "Rubel, Hossen"]
[Result "1-0"]
[WhiteElo "2071"]
[BlackElo "1781"]
[PlyCount "81"]
[EventDate "2022.10.17"]
[EventType "swiss"]
[EventRounds "9"]
[EventCountry "BAN"]
[SourceTitle "EXT 2024"]
[Source "ChessBase"]
[SourceDate "2023.10.10"]
[SourceVersion "1"]
[SourceVersionDate "2023.10.10"]
[SourceQuality "1"]

1. d4 d5 2. c4 e6 3. Nc3 Nf6 4. cxd5 exd5 5. Bg5 Be7 6. e3 0-0 7. Bd3 c6 8. Nge2 Bg4 9. f3 Bh5 10. 0-0 Bg6 11. Ng3 Nbd7 12. Qd2 Ne4 13. fxe4 Bxg5 14. exd5 cxd5 15. Bxg6 hxg6 16. Nxd5 Re8 17. Qd3 Nb6 18. Nf4 Rc8 19. Rae1 Bxf4 20. Rxf4 Nd5 21. Rf3 Qa5 22. Ref1 Rf8 23. Qb3 Nf6 24. e4 Rc6 25. e5 Rb6 26. Qc2 Nd5 27. Qf2 f5 28. Ra3 Qb4 29. Rb3 Qa5 30. Rxb6 Qxb6 31. Ne4 f4 32. Ng5 Rf5 33. Nf3 Ne3 34. Rc1 Qe6 35. Qh4 Qxa2 36. Ng5 Rxg5 37. Qxg5 Qxb2 38. Rc8+ Kf7 39. e6+ Kxe6 40. Qe5+ Kf7 41. Rc7+ 1-0

[Event "Dhaka Chowdhury Memorial op-A 2nd"]
[Site "Dhaka"]
[Date "2022.07.06"]
[Round "6"]
[White "Islam, Khandaker Aminul"]
[Black "Shawket Bin, Osman Shaon"]
[Result "1/2-1/2"]
[WhiteElo "2182"]
[BlackElo "2053"]
[PlyCount "93"]
[EventDate "2022.07.02"]
[EventType "swiss"]
[EventRounds "8"]
[EventCountry "BAN"]
[SourceTitle "EXT 2023"]
[Source "ChessBase"]
[SourceDate "2022.10.05"]
[SourceVersion "1"]
[SourceVersionDate "2022.10.05"]
[SourceQuality "1"]

1. d4 d5 2. Nf3 Nf6 3. Bf4 c5 4. e3 Nc6 5. c3 e6 6. Nbd2 Bd6 7. Bg3 0-0 8. Bd3 Bxg3 9. hxg3 Qd6 10. dxc5 Qxc5 11. e4 dxe4 12. Nxe4 Nxe4 13. Bxe4 h6 14. 0-0 Ne5 15. Re1 Ng4 16. Qd4 Qc7 17. Rad1 Nf6 18. Ne5 Nxe4 19. Rxe4 Re8 20. Qc4 Qe7 21. Red4 f6 22. Nf3 Kh7 23. Qd3+ Kg8 24. Rd6 e5 25. Qe4 Be6 26. b3 b6 27. Qa4 Rac8 28. Qb4 Qc7 29. c4 Rcd8 30. Kf1 Kf7 31. Ne1 Rxd6 32. Qxd6 Qxd6 33. Rxd6 Ke7 34. Rd2 Bf5 35. Ke2 Rd8 36. Rxd8 Kxd8 37. Kd2 Kc7 38. b4 g5 39. a3 h5 40. Ke3 Bb1 41. Nf3 Kd7 42. Nd2 Bc2 43. Ne4 Bxe4 44. Kxe4 Ke6 45. Ke3 f5 46. Kd3 Kd6 47. Ke3 1/2-1/2

[Event "Dhaka Chowdhury Memorial op-A 2nd"]
[Site "Dhaka"]
[Date "2022.07.02"]
[Round "1"]
[White "Shawket Bin, Osman Shaon"]
[Black "Mohammad, Minhaz Uddin"]
[Result "0-1"]
[WhiteElo "2053"]
[BlackElo "2260"]
[PlyCount "86"]
[EventDate "2022.07.02"]
[EventType "swiss"]
[EventRounds "8"]
[EventCountry "BAN"]
[SourceTitle "EXT 2023"]
[Source "ChessBase"]
[SourceDate "2022.10.05"]
[SourceVersion "1"]
[SourceVersionDate "2022.10.05"]
[SourceQuality "1"]

1. d4 Nf6 2. c4 e6 3. Nc3 Bb4 4. f3 0-0 5. a3 Bxc3+ 6. bxc3 d6 7. e4 e5 8. Bd3 c5 9. Ne2 Nc6 10. Be3 b6 11. g4 Ba6 12. Ng3 cxd4 13. cxd4 exd4 14. Bf2 Nd7 15. Nf5 Nde5 16. f4 Nxc4 17. Bxc4 Bxc4 18. Bxd4 Re8 19. Bxg7 Rxe4+ 20. Kd2 Rxf4 21. Qe1 Rxf5 22. gxf5 Qg5+ 23. Kc2 Qxf5+ 24. Kb2 Qb5+ 25. Kc1 Qg5+ 26. Kc2 Qg2+ 27. Kc1 Na5 28. Rg1 Nb3+ 29. Kd1 Qd5+ 30. Kc2 Bd3+ 31. Kb2 Bg6 32. Bc3 Nc5 33. Qd1 Qc4 34. Rg4 Qb5+ 35. Ka2 Re8 36. Rb1 Qd7 37. Qd4 Re5 38. Qc4 Qf5 39. Rxg6+ hxg6 40. Rb2 Re4 41. Re2 Rxe2+ 42. Qxe2 Qe6+ 43. Qxe6 fxe6 0-1

[Event "Dhaka Marcel op"]
[Site "Dhaka"]
[Date "2022.04.20"]
[Round "2"]
[White "Shawket Bin, Osman Shaon"]
[Black "Mukitul, Islam Ripon"]
[Result "0-1"]
[WhiteElo "2065"]
[BlackElo "1932"]
[PlyCount "79"]
[EventDate "2022.04.19"]
[EventType "swiss"]
[EventRounds "9"]
[EventCountry "BAN"]
[SourceTitle "EXT 2023"]
[Source "ChessBase"]
[SourceDate "2022.10.05"]
[SourceVersion "1"]
[SourceVersionDate "2022.10.05"]
[SourceQuality "1"]

1. d4 Nf6 2. c4 g6 3. Nc3 Bg7 4. e4 d6 5. f3 Nc6 6. Be3 e5 7. Nge2 0-0 8. Qd2 a6 9. d5 Ne7 10. g4 c5 11. Ng3 Bd7 12. Be2 Rb8 13. h4 b5 14. h5 bxc4 15. Bh6 Qb6 16. Rb1 Qa5 17. Qg5 Nfxd5 18. exd5 Nxd5 19. 0-0 Nf4 20. Qe7 Bxh6 21. Qxd7 Rbd8 22. Qa4 Qc7 23. Qxc4 d5 24. Qxa6 Qe7 25. Kf2 c4 26. Rh1 Qc5+ 27. Kf1 Bg5 28. Qa3 Qc6 29. Qa4 Qc5 30. Qa3 Qc7 31. Qa4 Ra8 32. Qb5 Rfd8 33. hxg6 hxg6 34. Rh2 Ra5 35. Qb4 Rb8 36. Nb5 Rbxb5 37. Rh8+ Kxh8 38. Qf8+ Kh7 39. Nf5 gxf5 40. Kf2 0-1

[Event "BAN-chT"]
[Site "Dhaka"]
[Date "2022.03.18"]
[Round "9.2"]
[White "Hossain, Showkat Pollab"]
[Black "Shawket Bin, Osman Shaon"]
[Result "1/2-1/2"]
[WhiteElo "1991"]
[BlackElo "2063"]
[PlyCount "192"]
[EventDate "2022.03.10"]
[EventType "team-tourn"]
[EventRounds "11"]
[EventCountry "BAN"]
[SourceTitle "CBM 207 Extra"]
[Source "ChessBase"]
[SourceDate "2022.05.31"]
[SourceVersion "1"]
[SourceVersionDate "2022.05.31"]
[SourceQuality "1"]
[WhiteTeam "Sheikh Russel"]
[BlackTeam "Shahin CC"]
[WhiteTeamCountry "BAN"]
[BlackTeamCountry "BAN"]

1. e4 c5 2. Nf3 e6 3. d3 Nc6 4. g3 g6 5. Bg2 Bg7 6. 0-0 Nge7 7. Qe2 d6 8. Nbd2 0-0 9. a4 Qc7 10. c3 Bd7 11. Nc4 b6 12. h4 a6 13. Bf4 e5 14. Bd2 b5 15. axb5 axb5 16. Na3 Qb7 17. Qd1 Na5 18. Bg5 f6 19. Be3 Be6 20. Nd2 Nec6 21. f4 b4 22. cxb4 Nxb4 23. Ndc4 Qc6 24. Rc1 Nb7 25. Nc2 Na6 26. f5 Bf7 27. Qd2 Rad8 28. fxg6 hxg6 29. Bh6 d5 30. Bxg7 Kxg7 31. Na5 Qb6 32. Nxb7 Qxb7 33. Ne3 dxe4 34. Ng4 Rh8 35. Rxf6 Qd7 36. Nxe5 Qd4+ 37. Qf2 Qxe5 38. Rxf7+ Kg8 39. Bxe4 Qd4 40. Rf1 Rh6 41. Kg2 Qxf2+ 42. R1xf2 Nb4 43. R7f6 Kg7 44. R2f3 Nc2 45. Rf7+ Kg8 46. R3f6 g5 47. Rxh6 Kxf7 48. hxg5 Ne1+ 49. Kh3 Nxd3 50. Bxd3 Rxd3 51. Rc6 Rb3 52. Rxc5 Rxb2 53. Kg4 Kg7 54. Rc6 Ra2 55. Rh6 Ra1 56. Rh2 Kg6 57. Rf2 Ra4+ 58. Rf4 Ra1 59. Rb4 Rc1 60. Rb6+ Kg7 61. Kh3 Ra1 62. g4 Ra2 63. Kh4 Rh2+ 64. Kg3 Ra2 65. Rh6 Ra3+ 66. Kh4 Ra1 67. Rf6 Ra3 68. Rf2 Ra1 69. Rb2 Rh1+ 70. Kg3 Ra1 71. Rb6 Ra2 72. g6 Ra1 73. Re6 Rb1 74. Kf4 Ra1 75. Kg5 Ra5+ 76. Kh4 Ra1 77. Kh5 Ra5+ 78. g5 Ra7 79. Rf6 Ra1 80. Rf7+ Kg8 81. Rf6 Rh1+ 82. Kg4 Rg1+ 83. Kf4 Rf1+ 84. Ke5 Re1+ 85. Kf5 Rf1+ 86. Ke4 Rg1 87. Kf4 Rf1+ 88. Ke3 Rg1 89. Rf5 Kg7 90. Kf4 Rf1+ 91. Kg4 Rg1+ 92. Kf4 Rf1+ 93. Ke4 Re1+ 94. Kf4 Rf1+ 95. Kg4 Rg1+ 96. Kh4 Rh1+ 1/2-1/2

[Event "BAN-chT"]
[Site "Dhaka"]
[Date "2022.03.11"]
[Round "2.4"]
[White "Md Abzid, Rahman"]
[Black "Shawket Bin, Osman Shaon"]
[Result "1/2-1/2"]
[WhiteElo "2100"]
[BlackElo "2063"]
[PlyCount "119"]
[EventDate "2022.03.10"]
[EventType "team-tourn"]
[EventRounds "11"]
[EventCountry "BAN"]
[SourceTitle "CBM 207 Extra"]
[Source "ChessBase"]
[SourceDate "2022.05.31"]
[SourceVersion "1"]
[SourceVersionDate "2022.05.31"]
[SourceQuality "1"]
[WhiteTeam "Leonine CC"]
[BlackTeam "Shahin CC"]
[WhiteTeamCountry "BAN"]
[BlackTeamCountry "BAN"]

1. d4 d5 2. Nf3 Nf6 3. e3 e6 4. Bd3 c5 5. b3 cxd4 6. exd4 Bd6 7. 0-0 Nc6 8. Bb2 0-0 9. a3 b6 10. Nbd2 Bb7 11. Ne5 Ne7 12. f4 Ne4 13. Qe2 f6 14. Ng4 f5 15. Ne5 Rc8 16. c4 Bxe5 17. fxe5 Kh8 18. Rac1 Ng6 19. Qe3 Qh4 20. c5 bxc5 21. dxc5 d4 22. Qe2 Nf4 23. Qf3 Nxd2 24. Qxf4 Qxf4 25. Rxf4 Nxb3 26. Rc4 g5 27. Rf2 Bd5 28. Ra4 Nxc5 29. Rxd4 Nb3 30. Rb4 Rb8 31. Rc2 a5 32. Rb5 Rfd8 33. a4 Rxb5 34. Bxb5 Be4 35. Rf2 Nc5 36. Bc3 Nd3 37. Bxa5 Ra8 38. Bxd3 Bxd3 39. Rd2 Rxa5 40. Rxd3 Rxe5 41. Kf2 Ra5 42. Rd6 e5 43. Rf6 e4 44. Rb6 Rxa4 45. Rb5 Ra2+ 46. Kf1 f4 47. Rxg5 e3 48. h4 h6 49. Rg6 Kh7 50. h5 Rb2 51. Rg4 Rf2+ 52. Ke1 Kh8 53. Rg6 Kh7 54. Rg4 f3 55. gxf3 Rxf3 56. Ke2 Rh3 57. Re4 Kg7 58. Rxe3 Rxh5 59. Kf2 Kg6 60. Kg2 1/2-1/2

[Event "Dhaka Al Mahmud Memorial"]
[Site "Dhaka"]
[Date "2022.02.05"]
[Round "1"]
[White "Monir Hossain, Monir"]
[Black "Shawket Bin, Osman Shaon"]
[Result "0-1"]
[WhiteElo "1685"]
[BlackElo "2065"]
[PlyCount "77"]
[EventDate "2022.02.05"]
[EventType "swiss"]
[EventRounds "9"]
[EventCountry "BAN"]
[SourceTitle "EXT 2023"]
[Source "ChessBase"]
[SourceDate "2022.10.05"]
[SourceVersion "1"]
[SourceVersionDate "2022.10.05"]
[SourceQuality "1"]

1. d4 d5 2. c4 c6 3. Nf3 Nf6 4. g3 Nbd7 5. Bg2 dxc4 6. a4 a5 7. Qc2 Nb6 8. 0-0 e6 9. e4 Bb4 10. Bd2 0-0 11. Nc3 Re8 12. Rad1 Nbd7 13. e5 Nd5 14. Ne4 b5 15. Neg5 Nf8 16. Ne4 Ba6 17. Bc3 Be7 18. Nc5 Bxc5 19. dxc5 b4 20. Bd4 Nd7 21. Rfe1 Qe7 22. Nd2 Nxc5 23. Nxc4 Nb7 24. Nb6 Nxb6 25. Bxb6 Rac8 26. Bxc6 Nd8 27. Rd6 Nxc6 28. Rxc6 Qd7 29. Rc1 Bb7 30. Rc7 Qd5 31. Kf1 Ba6+ 32. Kg1 h6 33. Rxc8 Rxc8 34. Qd1 Rxc1 35. Qxc1 Bb7 36. f3 Qxf3 37. Qd2 Qh1+ 38. Kf2 Qxh2+ 39. Kf1 0-1

[Event "BAN-chB 46th"]
[Site "Dhaka"]
[Date "2021.12.19"]
[Round "5"]
[White "Shawket Bin, Osman Shaon"]
[Black "Bhuiyan, Golam Mostafa"]
[Result "0-1"]
[WhiteElo "2029"]
[BlackElo "2120"]
[PlyCount "130"]
[EventDate "2021.12.15"]
[EventType "swiss"]
[EventRounds "9"]
[EventCountry "BAN"]
[SourceTitle "CBM 206 Extra"]
[Source "ChessBase"]
[SourceDate "2022.03.31"]
[SourceVersion "1"]
[SourceVersionDate "2022.03.31"]
[SourceQuality "1"]

1. d4 Nf6 2. c4 g6 3. Nc3 Bg7 4. Nf3 d6 5. Bg5 h6 6. Bh4 c6 7. e3 a6 8. Be2 b5 9. a3 0-0 10. 0-0 e6 11. Qc2 g5 12. Bg3 Nh5 13. Nd2 Nxg3 14. hxg3 Nd7 15. Nce4 Nb8 16. c5 d5 17. Nd6 e5 18. Nf3 Nd7 19. Nf5 e4 20. Nd2 Nf6 21. Nxg7 Kxg7 22. b4 g4 23. a4 Rb8 24. axb5 axb5 25. Ra7 Re8 26. Rfa1 h5 27. Nb3 Re6 28. Qa2 Ne8 29. Ra8 Rb7 30. Qa6 Qd7 31. Ra7 Re7 32. Rxb7 Qxb7 33. Qxb7 Rxb7 34. Ra8 Rc7 35. Na5 Bd7 36. Kf1 Nf6 37. Ke1 Ng8 38. Kd2 Ne7 39. Kc3 Nc8 40. Bd1 Kf6 41. f3 exf3 42. gxf3 h4 43. Kd2 h3 44. fxg4 h2 45. Bf3 Bxg4 46. Bg2 Bh3 47. Bh1 Bf5 48. Nxc6 Be4 49. Bxe4 dxe4 50. Ra1 Rxc6 51. d5 Rc7 52. Rh1 Ra7 53. Kc3 Ra2 54. Kd4 Ne7 55. Kxe4 Rd2 56. d6 Nc6 57. Kf3 Nxb4 58. e4 Nc6 59. Ke3 Ra2 60. g4 b4 61. g5+ Ke5 62. Rf1 Ra3+ 63. Kf2 Rh3 64. Rh1 b3 65. Kg2 Rh8 0-1